|
|
|
|
| LEADER |
01668nam a22003017a 4500 |
| 001 |
34293 |
| 003 |
BD-DhAAL |
| 005 |
20240204115620.0 |
| 008 |
190213t2018 bg a|||| b||| 00| 0 ben d |
| 040 |
|
|
|a BD-DhAAL
|
| 082 |
|
|
|a 332.095492
|2 22
|
| 100 |
|
|
|a সরকার, সুখেন্দ্র কুমার
|9 30005
|
| 245 |
|
|
|a সিডিএফ-এর ইতিবৃও ক্ষুদ্রঋণ :
|b সামাজিক পুঁজি ও মানব উন্নয়নের একটি প্রক্রিয়া /
|c সুখেন্দ্র কুমার সরকার... [et..al].
|
| 260 |
|
|
|a ঢাকা :
|b ক্রেডিট এ্যান্ড ডেভেলপমেন্ট ফোরাম-সিডিএফ,
|c ২০১৮
|
| 300 |
|
|
|a ১৩৫ পৃষ্ঠা ;
|b চিত্র :
|c ২৪ সে. মি.
|
| 504 |
|
|
|a গ্রন্থপুজ্ঞিগত নির্দেশিকা অন্তভূক্ত
|
| 526 |
|
|
|a AAL
|
| 541 |
|
|
|a Complimentary copy
|e 34293
|
| 610 |
|
|
|a Credit and Development Forum (CDF)
|9 29987
|
| 650 |
|
|
|a Microfinance
|z Bangladesh
|v Statistics
|v Periodicals
|9 29988
|
| 700 |
|
|
|a হোসেন, মোশাররফ
|9 29990
|
| 700 |
|
|
|a রহমান, এসএম
|9 29991
|
| 700 |
|
|
|a আউয়াল, আব্দুল মোঃ
|9 29992
|
| 700 |
|
|
|a সৈয়দ, শুচি
|9 30006
|
| 852 |
|
|
|a Ayesha Abed Library
|c General Stacks
|
| 942 |
|
|
|2 ddc
|c BK
|
| 999 |
|
|
|c 40436
|d 40436
|
| 952 |
|
|
|0 0
|1 0
|2 ddc
|4 0
|6 332_095492000000000_SAR
|7 0
|9 65048
|a BRACUL
|b BRACUL
|c GEN
|d 2019-02-13
|e Complimentary Copy
|l 0
|o 332.095492 SAR
|p 3010034293
|r 2019-02-13
|t 1
|w 2019-02-13
|y BK
|